| 000 | 00981cam a22002411 4500 | ||
|---|---|---|---|
| 001 | 143661 | ||
| 003 | SpMaBN | ||
| 005 | 20250812045700.0 | ||
| 008 | 981210s1954 sp spa | ||
| 016 | 7 |
_abimoBNE20000197625 _zIND9800832624 _2SpMaBN |
|
| 035 | _a(OCoLC)776497827 | ||
| 040 |
_aSpMaBN _bspa _cCDM _dES-MaACL |
||
| 080 | _a7.034(460.152)"15/16" | ||
| 100 | 0 |
_aSesmero Pérez, Francisco _0XX1039868 _9105886 |
|
| 245 | 1 | 3 |
_aEl arte del renacimiento en Vizcaya : _b(el arte en Vizcaya desde finales del siglo XV hasta la época del barroco) / _cpor Francisco Sesmero Pérez ; prólogo de Juan de Irigoyen y Guerricabeitia |
| 260 |
_aBilbao : _b[s.n.], _c1954 _fTalleres Gráficos de Indauchu Editorial |
||
| 300 |
_aXI, 259 p., [2] h., [27] h. de lám. ; _c29 cm |
||
| 650 | 0 |
_aArte renacentista- _zVizcaya _9227217 |
|
| 700 | 1 |
_aIrigoyen y Guerricabeitia, Juan de _965472 |
|
| 942 |
_2udc _cMONOGRAFIA |
||
| 999 |
_c143661 _d143661 |
||